J. S. Bach: el músico poeta
Enregistré dans:
| Auteur principal: | |
|---|---|
| Format: | Livre |
| Langue: | espagnol |
| Publié: |
Buenos Aires
Ricordi Americana
1955
|
| Sujets: | |
| Tags: |
Ajouter un tag
Pas de tags, Soyez le premier à ajouter un tag!
|
MARC
| LEADER | 00000nam a2200000 a 4500 | ||
|---|---|---|---|
| 001 | UCN1662 | ||
| 003 | CL-VaPUC | ||
| 005 | 20240628155538.0 | ||
| 008 | 010427e19550000AG |||||||||||||||||spa|d | ||
| 999 | |c 294913 |d 294911 | ||
| 040 | |c Pontificia Universidad Católica de Valparaíso | ||
| 082 | 0 | 4 | |a 780.92 SCH 1955 |2 21 |
| 100 | 0 | |a Schweitzer, Albert |e author |9 346904 | |
| 245 | 1 | 0 | |a J. S. Bach: el músico poeta |
| 260 | |a Buenos Aires |b Ricordi Americana |c 1955 | ||
| 300 | |a 379 p | ||
| 583 | |a last modification |c 20010427 00:00:00 |k Rodrigo Vera | ||
| 600 | 0 | |a Bach, Johann Sebastian |d 1685-1750 |e compositor |9 269760 | |
| 650 | 0 | |a Compositores alemanes |9 324765 | |
| 650 | 0 | |a Músicos alemanes |9 306627 | |
| 942 | |c BK |2 ddc | ||
| 945 | |d 20010427 00:00:00 |a crobeson | ||
| 952 | |0 0 |1 0 |4 0 |6 780_920000000000000_SCH_1955 |7 0 |8 A |9 347663 |a BIBEDU |b BIBEDU |d 2019-11-20 |i 1181270 |l 1 |o 780.92 SCH 1955 |p 1181270 |r 2023-01-12 |s 2022-08-25 |w 2019-11-20 |y BK |k MUS | ||